000 00747nam a22002177a 4500
003 OSt
005 20251127164355.0
008 251127b |||||||| |||| 00| 0 eng d
020 _a978-1-1111-2489-2
040 _aDWC-Main lib.
_cOC
082 _2fourteenth edition.
_aCirc. 621.319 H552e 2011
100 _aHerman, Stephen L.
245 _aElectrical wiring industrial/
_cStephen L. Herman
260 _aU.S.A. :
_bDelmar/Cengage Learning,
_cc2011.
300 _axiii, 333 pages :
_billustrations ;
_c28 cm.
504 _aIncludes indexes.
650 _a1. Factories--Electric equipment--Installation.
650 _a2. electric wiring, Interior.
760 _bfourteenth edition.
942 _2ddc
_cBK-CIRC
_efourteenth edition.
_kCirc.
_n0
999 _c6521
_d6521